000 00771nam a22002172 4500
001 0000009520
005 20151217155839.0
008 081103s xx 000 0 eng d
020 _a0889368880 :
_cDonation
040 _aKABU
_cKABU
245 1 0 _aAfrican voices on structural adjustment :
_ba companion to our continent, our future /
_cedited by Thandika Mkandawire and Charles C. Soludo.
260 _aNairobi :
_bIDRC,
_c2003.
300 _aviii, 504 p.
651 0 _aAfrica
_xEconomic conditions
_y1960-.
_@0000149691
651 0 _aAfrica
_xEconomic policy.
_@0000150458
700 1 _aMkandawire, Thandika.
_@0000159568
700 1 _aSoludo, Charles C.
_@0000151366
908 _a081103
950 _@1
999 _c13169
_d13169